000 01014nam a2200277 4500
001 0000020036
003 CO-CtgCURN
005 20250429224117.0
007 ta
008 160627s1982 000 0 eng d
020 _a9588192420
040 _aCO-CtgCURN
_bspa
_ccoctgcurn
082 0 _a349.3702
_bC171c
100 1 _aCasadiegos Caceres, Ferdinando.
245 1 0 _aCurso de derecho romano /
_cFerdinando Casadiegos Caceres.
260 _aBogotá :
_bEdiciones Juridicas Gustavo Ibañez,
_c1982.
300 _a450 p.
336 _2rdacontent
337 _2rdamedia
_asin mediacion
_bn
338 _2rdacarrier
_avolumen
_bnc
505 8 _aUtilidad del estudio del derecho romano.--Nociones generales sobre la lengua latina.--Hipotesis sobre la fundacion de roma.--Cronología de la historia de Roma.--Fuentes del derecho Romano
650 1 4 _aDerecho romano.
908 _a160627
942 _cBK
_h349.3702
_iC171c
_2ddc
999 _c39282
_d39282